| 000 | 00896nam a2200241 a 4500 | ||
|---|---|---|---|
| 001 | 000005350 | ||
| 005 | 20200929151642.0 | ||
| 008 | 090819s1986 es a 001 0 spa d | ||
| 020 | _a8400063589 | ||
| 040 |
_aDO-SdBNP _bspa _cBNPHU |
||
| 082 |
_a620.17 _bO79a |
||
| 100 | 1 |
_aOrs Martìnez, José _915174 |
|
| 245 | 1 | 0 |
_aAplicación de métodos por ultrasonidos en los ensayos de materiales metálicos / _cJosé Ors Martínez. |
| 260 |
_aMadrid, España : _bCentro Nacional de Investigaciones Metalúrgicas, _c1986. |
||
| 300 |
_a313 p. : _bil ; _c24 cm. |
||
| 500 | _aIncluye bibliografía y notas al pie de páginas. | ||
| 650 | 4 |
_aPruebas de metales _915175 |
|
| 650 | 4 |
_aEnsayos ultrasónicos _915176 |
|
| 650 | 4 |
_aEnsayos (tecnología) _915177 |
|
| 710 | 2 |
_aConsejo Superior de Investigaciones Científicas (España) _915178 |
|
| 910 | _aValidado. Control de calidad EMS | ||
| 049 | _aBNGR | ||
| 999 |
_c5151 _d5151 |
||